La Política mexicana de asilo diplomático a la luz del caso guatemalteco (1944-1954) / (Record no. 68791)
[ view plain ]
| 000 -LEADER | |
|---|---|
| fixed length control field | 00868cam a2200241 a 4500 |
| 008 - FIXED-LENGTH DATA ELEMENTS--GENERAL INFORMATION | |
| fixed length control field | 040506s2003 mx 000 0 spa u |
| 020 ## - INTERNATIONAL STANDARD BOOK NUMBER | |
| International Standard Book Number | 9688106712 |
| 100 1# - MAIN ENTRY--PERSONAL NAME | |
| Personal name | Rodríguez de Ita, Guadalupe |
| 245 03 - TITLE STATEMENT | |
| Title | La Política mexicana de asilo diplomático a la luz del caso guatemalteco (1944-1954) / |
| Statement of responsibility, etc | Guadalupe Rodríguez de Ita. |
| 250 ## - EDITION STATEMENT | |
| Edition statement | 1a ed. |
| 260 ## - PUBLICATION, DISTRIBUTION, ETC. (IMPRINT) | |
| Place of publication, distribution, etc | México : |
| Name of publisher, distributor, etc | Instituto Mora : |
| -- | SRE, |
| Date of publication, distribution, etc | 2003. |
| 300 ## - PHYSICAL DESCRIPTION | |
| Extent | 140 p. ; |
| Dimensions | 23 cm. |
| 500 ## - GENERAL NOTE | |
| General note | 3 ejemplares |
| 504 ## - BIBLIOGRAPHY, ETC. NOTE | |
| Bibliography, etc | Incluye bibliografía, hemerografía e índice |
| 590 ## - LOCAL NOTE (RLIN) | |
| Local note | copia 3: Proyecto PIFI 2005 |
| 650 #4 - SUBJECT ADDED ENTRY--TOPICAL TERM | |
| Topical term or geographic name as entry element | Refugiados politicos |
| Geographic subdivision | México |
| 650 #4 - SUBJECT ADDED ENTRY--TOPICAL TERM | |
| Topical term or geographic name as entry element | Derecho de asilo |
| Geographic subdivision | México |
| 651 #4 - SUBJECT ADDED ENTRY--GEOGRAPHIC NAME | |
| Geographic name | México |
| General subdivision | Relaciones internacionales |
| Geographic subdivision | Guatemala |
| 651 #4 - SUBJECT ADDED ENTRY--GEOGRAPHIC NAME | |
| Geographic name | Guatemala |
| General subdivision | Relaciones internacionales |
| Geographic subdivision | México |
| 942 ## - ADDED ENTRY ELEMENTS (KOHA) | |
| Source of classification or shelving scheme | Biblioteca del Cogreso de los Estados Unidos |
| Koha item type | Libro |
| Estado de pérdida | Fuente de clasificación | Estado del daño | No para préstamo | Ubicación permanente | Ubicación actual | Apartado o colección | Fecha de adquisición | Edición | Dependencia de educación superior (DES) | Área del conocimiento | Clasificación | Código de Barras | Date last seen | Número de copia | Tipo de recurso |
|---|---|---|---|---|---|---|---|---|---|---|---|---|---|---|---|
| Biblioteca del Cogreso de los Estados Unidos | Biblioteca del Instituto de Investigaciones Históricas | Biblioteca del Instituto de Investigaciones Históricas | General | 22/10/2018 | 1a ed. | Humanidades | Ciencias Sociales y Administrativas | JX4321 R64 2003 | IIH000026975 | 22/10/2018 | C:1 | Libro | |||
| Biblioteca del Cogreso de los Estados Unidos | Biblioteca del Instituto de Investigaciones Históricas | Biblioteca del Instituto de Investigaciones Históricas | General | 22/10/2018 | 1a ed. | Humanidades | Ciencias Sociales y Administrativas | JX4321 R64 2003 | IIH000026976 | 22/10/2018 | C:2 | Libro | |||
| Biblioteca del Cogreso de los Estados Unidos | Biblioteca del Instituto de Investigaciones Históricas | Biblioteca del Instituto de Investigaciones Históricas | General | 22/10/2018 | 1a ed. | Humanidades | Ciencias Sociales y Administrativas | JX4321 R64 2003 | IIH000026977 | 22/10/2018 | C:3 | Libro |